| 000 | 00663nam a2200229Ia 4500 | ||
|---|---|---|---|
| 005 | 20250108125153.0 | ||
| 008 | 008 250107s9999 xx 000 0 eng d | ||
| 020 | _a978 81 8400034 4 | ||
| 037 | _aTB | ||
| 040 |
_aCRL _beng _cCRL |
||
| 041 |
_aeng _2eng |
||
| 084 | _aD854 R1 | ||
| 084 | _qCRL | ||
| 100 |
_aGoyel Purushottam Au.; Sharma S. K. Au. _9730517 |
||
| 245 | 0 |
_aPolity and governance of Delhi _cGoyel Purushottam Au.; Sharma S. K. Au. |
|
| 260 |
_aNew Delhi, India _bNational Book Trust _c3529 |
||
| 300 | _axi,226p. | ||
| 365 |
_aINR _b13000 |
||
| 650 | _aPOLITICAL SCIENCE | ||
| 942 |
_cTB _hD854 R1 |
||
| 999 |
_c1235917 _d1235917 |
||